| 000 | 00764nam a2200217 i 4500 | ||
|---|---|---|---|
| 001 | 32729 | ||
| 003 | ES-MaACL | ||
| 005 | 20230906154627.0 | ||
| 007 | t| | ||
| 008 | 030131s1905 sp ||||1| spa d | ||
| 080 | _a821.134.2 Cervantes Saavedra, Miguel de 7 Quijote.07 | ||
| 100 | 1 |
_aBenot, Eduardo. _927763 |
|
| 245 | 1 | 0 |
_aEstudio acerca de Cervantes y el Quijote / _cpor Eduardo Benot. |
| 260 |
_aMadrid : _bIdamor Moreno, _c1905. |
||
| 300 |
_a124 p. ; _c20 cm. |
||
| 530 | _aDisponible en formato digital. | ||
| 600 | 1 | 4 |
_aCervantes Saavedra, Miguel de, _d1547-1616. _tDon Quijote de la Mancha _937612 |
| 852 |
_aES-MaACL _jF-8518 |
||
| 856 |
_uhttp://bdh-rd.bne.es/viewer.vm?id=0000074169&page=1 _zBiblioteca Digital Hispánica |
||
| 999 |
_c32729 _d32729 |
||